| 000 -LEADER | |
|---|---|
| fixed length control field | 00385nam a22001577a 4500 |
| 005 - DATE AND TIME OF LATEST TRANSACTION | |
| control field | 20190330123002.0 |
| 008 - FIXED-LENGTH DATA ELEMENTS--GENERAL INFORMATION | |
| fixed length control field | 190330b xxu||||| |||| 00| 0 eng d |
| 020 ## - INTERNATIONAL STANDARD BOOK NUMBER | |
| ISBN | 978817409220 X |
| 041 ## - LANGUAGE CODE | |
| Language code of text/sound track or separate title | eng |
| 100 ## - MAIN ENTRY--AUTHOR NAME | |
| Personal name | Kadiyali,DR. L R |
| 245 ## - TITLE STATEMENT | |
| Title | Traffic Engineering and Transport Planning |
| 250 ## - EDITION STATEMENT | |
| Edition statement | 9 |
| 260 ## - PUBLICATION, DISTRIBUTION, ETC. (IMPRINT) | |
| Place of publication | New Delhi |
| Name of publisher | Khanna Publisher |
| 300 ## - PHYSICAL DESCRIPTION | |
| Number of Pages | 860 |
| 942 ## - ADDED ENTRY ELEMENTS (KOHA) | |
| Koha item type | Books |
| Lost status | Damaged status | Home library | Current library | Shelving location | Date acquired | Source of acquisition | Cost, normal purchase price | Accession Number | Koha item type | Collection code |
|---|---|---|---|---|---|---|---|---|---|---|
| JRU Library | SHELF-44-D | 30/03/2019 | Purchase | 549.00 | 23071 | Books | ||||
| JRU Library | JRU Library | SHELF-44-D | 30/03/2019 | Purchase | 549.00 | 23072 | Books | |||
| JRU Library | SHELF-72-B | 30/03/2019 | Purchase | 549.00 | 23073 | Books | Reference | |||
| JRU Library | SHELF-44-D | 30/03/2019 | Purchase | 549.00 | 23074 | Books | ||||
| JRU Library | SHELF-44-D | 30/03/2019 | Purchase | 549.00 | 23075 | Books |